[Event "Karpos Open 2016"]
[Site "Skopje, MKD"]
[Date "2016.04.05"]
[Round "7"]
[Board "11"]
[White "Gokerkan, Cem Kaan"]
[Black "Valsecchi, Alessio"]
[Result "1-0"]
[WhiteElo "2295"]
[BlackElo "2492"]
[PlyCount "103"]
[EventDate "2016.04.01"]
[EventRounds "9"]
[EventCountry "MKD"]

1. e4 c5 2. Nf3 d6 3. d4 cxd4 4. Nxd4 Nf6 5. Nc3 e6 6. Be2 Be7 7. O-O O-O 8. f4
e5 9. Nf3 Nc6 10. Kh1 Bg4 11. Be3 Rc8 12. h3 Bxf3 13. Bxf3 Na5 14. f5 Nc4 15.
Bc1 b5 16. a3 a6 17. Qe1 Kh8 18. b3 Nb6 19. Bb2 Rc6 20. Rd1 Qc7 21. Rd3 Rc8 22.
Bd1 Qb7 23. g4 Nc4 24. bxc4 bxc4 25. Rg3 Qxb2 26. g5 Ng8 27. f6 gxf6 28. Nd5
fxg5 29. Rxf7 Rf8 30. Nxe7 Rxf7 31. Nxc6 Qc1 32. Nb4 Ne7 33. Nd5 Nxd5 34. exd5
h6 35. Rg1 Qxa3 36. Bg4 h5 37. Rg3 Qc5 38. Be6 Qf2 39. Qg1 Rf3 40. Rxg5 Qxg1+
41. Kxg1 e4 42. Rxh5+ Kg7 43. Rh4 Rc3 44. Rxe4 Rxc2 45. Kf1 c3 46. Ke1 a5 47.
Kd1 Ra2 48. Rc4 Kf6 49. Rxc3 Ke5 50. Kc1 Kd4 51. Rc2 Ra1+ 52. Kb2 1-0

[Event "Karpos Open 2016"]
[Site "Skopje, MKD"]
[Date "2016.04.05"]
[Round "7"]
[Board "12"]
[White "Enchev, Ivajlo"]
[Black "L'ami, Alina"]
[Result "0-1"]
[WhiteElo "2470"]
[BlackElo "2348"]
[PlyCount "70"]
[EventDate "2016.04.01"]
[EventRounds "9"]
[EventCountry "MKD"]

1. Nf3 Nf6 2. c4 g6 3. Nc3 Bg7 4. d4 O-O 5. e4 d6 6. Be2 e5 7. O-O Nc6 8. d5
Ne7 9. Ne1 Nd7 10. f3 f5 11. g4 Kh8 12. Nd3 f4 13. Bd2 Bf6 14. b4 Bh4 15. Be1
Bxe1 16. Qxe1 g5 17. c5 Nf6 18. b5 h5 19. h3 Kg7 20. c6 bxc6 21. bxc6 hxg4 22.
hxg4 Rh8 23. Kg2 Ng6 24. Rh1 Nh4+ 25. Kf2 a5 26. Rb1 Ba6 27. Nc1 Qc8 28. Qf1
Nxf3 29. Bxa6 Rxa6 30. Rb7 Rh2+ 31. Rxh2 Nxg4+ 32. Ke2 Nfxh2 33. Qh3 f3+ 34.
Kd2 f2 35. Nb5 f1=Q 0-1

[Event "Karpos Open 2016"]
[Site "Skopje, MKD"]
[Date "2016.04.05"]
[Round "7"]
[Board "13"]
[White "Annaberdiev, Meilis"]
[Black "Polatel, Ali"]
[Result "1-0"]
[WhiteElo "2460"]
[BlackElo "2106"]
[PlyCount "144"]
[EventDate "2016.04.01"]
[EventRounds "9"]
[EventCountry "MKD"]

1. d4 d5 2. Nf3 Nf6 3. c4 c6 4. Nc3 a6 5. Ne5 e6 6. Bf4 dxc4 7. Nxc4 Nd5 8. Bd2
b5 9. Ne5 Nxc3 10. bxc3 Nd7 11. Nxc6 Qb6 12. Nb4 Bxb4 13. cxb4 Qxd4 14. e3 Qb6
15. Bc3 O-O 16. Rc1 Rd8 17. Qg4 e5 18. Qg3 f6 19. Be2 Bb7 20. O-O Rac8 21. f4
e4 22. Bd4 Qd6 23. Bg4 Kh8 24. Qh3 Rc4 25. Bf5 h6 26. Rcd1 Nf8 27. Qh5 Bd5 28.
Bc5 Qc6 29. Bxf8 Rxf8 30. Qg6 Kg8 31. Qh7+ Kf7 32. Bg6+ Ke7 33. Qxg7+ Bf7 34.
Bxf7 Rxf7 35. Qh8 Rf8 36. Qxh6 Rxb4 37. Rf2 Rc4 38. Rfd2 Rc1 39. Rd7+ Qxd7 40.
Qh7+ Rf7 41. Qxe4+ Kf8 42. Rxc1 Kg7 43. f5 Re7 44. Qg4+ Kf8 45. Rd1 Qc7 46. Qh4
Kg7 47. Qh5 Rf7 48. Qg4+ Kf8 49. Qb4+ Kg7 50. Qd6 Qa5 51. h3 Rb7 52. Qg3+ Kf8
53. Qf4 Rf7 54. Qb8+ Ke7 55. Kh2 b4 56. Rd4 Qe5+ 57. Qxe5+ fxe5 58. Rxb4 Rxf5
59. Rb6 a5 60. Rb5 Kf6 61. Rxa5 Rf1 62. Kg3 Kf5 63. Ra4 Rb1 64. h4 Rc1 65. Kf3
Rf1+ 66. Ke2 Rh1 67. g4+ Ke6 68. h5 Kf6 69. Ra6+ Kf7 70. Kf3 Rg1 71. a4 Kg7 72.
a5 Rxg4 {Ke4 [%clk 0:13:03]} 1-0

[Event "Karpos Open 2016"]
[Site "Skopje, MKD"]
[Date "2016.04.05"]
[Round "7"]
[Board "14"]
[White "Yanev, Tihomir"]
[Black "Brkic, Ante"]
[Result "0-1"]
[WhiteElo "2391"]
[BlackElo "2598"]
[PlyCount "64"]
[EventDate "2016.04.01"]
[EventRounds "9"]
[EventCountry "MKD"]

1. e4 e5 2. Nf3 Nc6 3. Bb5 a6 4. Ba4 Nf6 5. d3 d6 6. c3 Be7 7. O-O O-O 8. Re1
Re8 9. Nbd2 Bf8 10. h3 b5 11. Bb3 Bb7 12. Nf1 h6 13. Ng3 Na5 14. Bc2 c5 15. Nh2
d5 16. Ng4 Re6 17. exd5 Qxd5 18. Ne4 Nh7 19. Qf3 Rd8 20. Bd2 Qd7 21. Qf5 Qe7
22. Qh5 Kh8 23. Nh2 c4 24. Qe2 cxd3 25. Bxd3 Qd7 26. Bc2 Bxe4 27. Qxe4 Nf6 28.
Qf5 g6 29. Qf3 e4 30. Qg3 Nh5 31. Qh4 Be7 32. Qg4 f5 0-1

[Event "Karpos Open 2016"]
[Site "Skopje, MKD"]
[Date "2016.04.05"]
[Round "7"]
[Board "15"]
[White "Damljanovic, Branko"]
[Black "Abramovic, Bosko"]
[Result "0-1"]
[WhiteElo "2588"]
[BlackElo "2388"]
[PlyCount "78"]
[EventDate "2016.04.01"]
[EventRounds "9"]
[EventCountry "MKD"]

1. d4 Nf6 2. c4 e6 3. Nf3 b6 4. g3 Bb7 5. Bg2 Be7 6. O-O O-O 7. Re1 d5 8. cxd5
exd5 9. Nc3 Na6 10. Bf4 c5 11. Rc1 Ne4 12. dxc5 Nxc3 13. Rxc3 bxc5 14. Rb3 Qc8
15. Ne5 Rd8 16. Qb1 Nb4 17. g4 g6 18. g5 Bd6 19. Bg3 Bxe5 20. Bxe5 d4 21. Bxb7
Qxb7 22. Bf6 Re8 23. a3 Qd5 24. Rg3 Nc6 25. e4 Qe6 26. b3 Ne5 27. Qc1 Nd7 28.
Qf4 h5 29. b4 Rac8 30. bxc5 Nxf6 31. Qxf6 Qc4 32. Qf4 Rxc5 33. Qd2 Rce5 34. Rc1
Qb5 35. f3 d3 36. h4 Rc5 37. Rd1 Rc2 38. Qxd3 Qb6+ 39. Qd4 Rd8 0-1

[Event "Karpos Open 2016"]
[Site "Skopje, MKD"]
[Date "2016.04.05"]
[Round "7"]
[Board "16"]
[White "Blagojevic, Dragisa"]
[Black "Vega Gutierrez, Sabrina"]
[Result "1/2-1/2"]
[WhiteElo "2509"]
[BlackElo "2381"]
[PlyCount "39"]
[EventDate "2016.04.01"]
[EventRounds "9"]
[EventCountry "MKD"]

1. d4 Nf6 2. c4 g6 3. Nf3 Bg7 4. g3 O-O 5. Bg2 c6 6. O-O d5 7. b3 dxc4 8. bxc4
c5 9. e3 Nc6 10. Bb2 Qb6 11. Qb3 Na5 12. Qxb6 axb6 13. Nbd2 Rd8 14. Rfc1 Bf5
15. Nh4 Nc6 16. Nb3 cxd4 17. Nxd4 Be4 18. Nxc6 Bxc6 19. Nf3 Nd7 20. Bxg7
 1/2-1/2

[Event "Karpos Open 2016"]
[Site "Skopje, MKD"]
[Date "2016.04.05"]
[Round "7"]
[Board "17"]
[White "Zlatanovic, Boroljub"]
[Black "Milanovic, Danilo"]
[Result "0-1"]
[WhiteElo "2375"]
[BlackElo "2485"]
[PlyCount "72"]
[EventDate "2016.04.01"]
[EventRounds "9"]
[EventCountry "MKD"]

1. c4 c5 2. g3 Nc6 3. Bg2 g6 4. Nc3 Bg7 5. Nf3 d6 6. d3 e6 7. O-O Nge7 8. a3
Rb8 9. Bd2 b6 10. Qc1 h6 11. b4 Bb7 12. Rb1 Nd4 13. Ne1 Bxg2 14. Kxg2 Rc8 15.
b5 d5 16. e3 Ndf5 17. Ne2 Nd6 18. Bc3 e5 19. f4 d4 20. fxe5 Ndf5 21. exd4 cxd4
22. Bd2 Bxe5 23. Nf3 Bg7 24. g4 Nd6 25. Ng3 Qd7 26. Bf4 O-O 27. Bxh6 Qxg4 28.
h3 Qd7 29. Bxg7 Kxg7 30. Nxd4 Rh8 31. Qf4 Qxh3+ 32. Kf3 Nef5 33. Ndxf5+ Nxf5
34. Rh1 Nh4+ 35. Ke4 Qg2+ 36. Kd4 Qxg3 0-1

[Event "Karpos Open 2016"]
[Site "Skopje, MKD"]
[Date "2016.04.05"]
[Round "7"]
[Board "18"]
[White "Antic, Dejan"]
[Black "Livaic, Leon"]
[Result "1/2-1/2"]
[WhiteElo "2478"]
[BlackElo "2380"]
[PlyCount "215"]
[EventDate "2016.04.01"]
[EventRounds "9"]
[EventCountry "MKD"]

1. d4 Nf6 2. c4 e6 3. g3 d5 4. Bg2 Be7 5. Nf3 O-O 6. O-O dxc4 7. Qc2 b6 8. Qxc4
Bb7 9. Nc3 c5 10. dxc5 Bxc5 11. Bg5 Nbd7 12. Rad1 Rc8 13. Qh4 Qe7 14. e4 h6 15.
Bc1 Rfd8 16. Rfe1 Nf8 17. e5 Rxd1 18. Rxd1 Nd5 19. Nxd5 Bxd5 20. Qg4 Bxf3 21.
Bxf3 Ng6 22. Qe4 Rd8 23. Kg2 Qc7 24. Rxd8+ Qxd8 25. Bh5 Qd4 26. Qxd4 Bxd4 27.
f4 Ne7 28. Be2 Nf5 29. Kf3 h5 30. Bd3 Kf8 31. b3 Bc5 32. Bd2 Ke7 33. b4 Bd4 34.
h3 g6 35. g4 hxg4+ 36. hxg4 Ng7 37. Be1 Ne8 38. Ke4 Bg1 39. Bh4+ Kf8 40. Bd8
Kg7 41. Bc4 Bf2 42. Bb5 Kf8 43. Bd7 Be1 44. a3 Bd2 45. b5 Bc1 46. a4 Ba3 47.
Bh4 Ng7 48. Bf2 Bb4 49. Be3 Ke7 50. Bc6 Kd8 51. Bf2 Be7 52. Kd3 Kc7 53. Be4 Kb8
54. Kc4 Kc7 55. Be1 Kd7 56. a5 Kc7 57. Bf2 Bd8 58. Bd4 Be7 59. a6 Bd8 60. Bc6
Be7 61. Bf2 Bd8 62. Kd3 Be7 63. Ke4 Bd8 64. Kf3 Be7 65. Kg2 Bd8 66. Kg3 Be7 67.
Kh3 Bd8 68. Be4 Kd7 69. Bd3 Kc7 70. Kg3 Be7 71. Kf3 Bd8 72. Bg3 Kd7 73. Be4 Be7
74. Bc6+ Kc7 75. Bf2 Bd8 76. Be3 Be7 77. Bd2 Kd8 78. Be4 Kd7 79. Bd3 Bc5 80.
Kg3 Be7 81. Be3 Bd8 82. f5 exf5 83. Bh6 f4+ 84. Bxf4 Ne6 85. Bc4 Bc7 86. g5
Nxf4 87. Kxf4 Ke7 88. Ke4 Bd8 89. Be2 Kd7 90. Kf4 Be7 91. Bg4+ Kd8 92. Be2 Kd7
93. Bc4 Ke8 94. Bb3 Bd8 95. e6 fxe6 96. Bxe6 Be7 97. Bc4 Bd6+ 98. Kg4 Be7 99.
Bd3 Kd7 100. Bxg6 Kd6 101. Kf5 Bf8 102. Be8 Ke7 103. Bh5 Bg7 104. Bg4 Ba1 105.
Ke4 Kd6 106. Kf5 Ke7 107. Kg6 Bc3 108. Kf5 1/2-1/2

[Event "Karpos Open 2016"]
[Site "Skopje, MKD"]
[Date "2016.04.05"]
[Round "7"]
[Board "19"]
[White "Sundararajan, Kidambi"]
[Black "Danchevski, Orce"]
[Result "1/2-1/2"]
[WhiteElo "2474"]
[BlackElo "2366"]
[PlyCount "36"]
[EventDate "2016.04.01"]
[EventRounds "9"]
[EventCountry "MKD"]

1. d4 Nf6 2. Nf3 e6 3. e3 b6 4. Bd3 Bb7 5. c4 Ne4 6. O-O f5 7. Nfd2 Qh4 8. Bxe4
fxe4 9. Nc3 Bb4 10. f4 exf3 11. Nxf3 Qg4 12. h3 Qh5 13. Ne2 Bd6 14. Nf4 Qh6 15.
Nd3 Qg6 16. Nf4 Qh6 17. Nd3 Qg6 18. Nf4 Qh6 1/2-1/2

[Event "Karpos Open 2016"]
[Site "Skopje, MKD"]
[Date "2016.04.05"]
[Round "7"]
[Board "20"]
[White "Radlovacki, Jovan"]
[Black "Ali Marandi, Cemil Can"]
[Result "0-1"]
[WhiteElo "2343"]
[BlackElo "2473"]
[PlyCount "134"]
[EventDate "2016.04.01"]
[EventRounds "9"]
[EventCountry "MKD"]

1. d4 d5 2. Nf3 Nf6 3. Bf4 c5 4. e3 Nc6 5. c3 Qb6 6. Qb3 c4 7. Qc2 Bf5 8. Qc1
Nh5 9. Nbd2 Nxf4 10. exf4 e6 11. Be2 Bd6 12. g3 h6 13. h4 f6 14. Bd1 O-O 15.
Bc2 Bxc2 16. Qxc2 e5 17. Qf5 Rae8 18. O-O-O Kh8 19. fxe5 fxe5 20. Qg6 Ne7 21.
Qh5 e4 22. Ng5 Kg8 23. Nh3 Bc7 24. Nf1 Qd6 25. Ne3 b5 26. Nf4 Rd8 27. Qe5 Qd7
28. Qe6+ Rf7 29. Qxd7 Rxd7 30. Nh3 Nf5 31. Rhe1 Nxe3 32. Rxe3 g5 33. hxg5 hxg5
34. Nxg5 Rxf2 35. Ne6 Bd6 36. Rd2 Rdf7 37. Ree2 Bxg3 38. Rxf2 Bxf2 39. Re2 e3
40. b3 a5 41. Kd1 Rf5 42. Nc7 b4 43. cxb4 axb4 44. Na6 cxb3 45. Nxb4 Rf4 46.
Nc6 bxa2 47. Rxa2 Kf7 48. Ke2 Ke6 49. Ra6 Kf5 50. Ra7 Rh4 51. Rf7+ Ke6 52. Nd8+
Kd6 53. Nb7+ Kc6 54. Nd8+ Kb5 55. Rb7+ Kc4 56. Nc6 Rh1 57. Rc7 Re1+ 58. Kf3 Rb1
59. Rc8 Kd3 60. Ne5+ Kxd4 61. Re8 Kc3 62. Ng4 d4 63. Rc8+ Kd2 64. Rd8 e2 65.
Nxf2 e1=Q 66. Ne4+ Kd3 67. Nf2+ Kc4 0-1

[Event "Karpos Open 2016"]
[Site "Skopje, MKD"]
[Date "2016.04.05"]
[Round "7"]
[Board "21"]
[White "Maksimovic, Branimir"]
[Black "Colovic, Aleksandar"]
[Result "0-1"]
[WhiteElo "2330"]
[BlackElo "2463"]
[PlyCount "92"]
[EventDate "2016.04.01"]
[EventRounds "9"]
[EventCountry "MKD"]

1. Nf3 d5 2. c4 c6 3. e3 Nf6 4. Nc3 e6 5. b3 Bd6 6. Bb2 O-O 7. Be2 e5 8. cxd5
cxd5 9. Nb5 e4 10. Nfd4 Be7 11. Rc1 a6 12. Ba3 axb5 13. Rxc8 Qxc8 14. Bxe7 Nc6
15. Bxf6 gxf6 16. Bg4 Qc7 17. Nf5 Kh8 18. O-O Rg8 19. f4 Ne7 20. Qa1 Nxf5 21.
Bxf5 Qd6 22. Qd4 Rgd8 23. a4 Ra6 24. axb5 Rb6 25. b4 Rxb5 26. Rb1 Qb6 27. Kf2
Qxd4 28. exd4 Rd6 29. Rb3 h6 30. d3 Rdb6 31. dxe4 Rxb4 32. Rd3 Rb2+ 33. Kf3
R6b3 34. exd5 Rxd3+ 35. Bxd3 Rb6 36. Ke4 Kg7 37. Bc4 Kf8 38. h4 Ke7 39. d6+
Rxd6 40. g4 f5+ 41. gxf5 f6 42. Kd3 Rb6 43. Bd5 Kd6 44. Ke4 Rb1 45. Bf7 Rh1 46.
h5 Rh3 0-1

[Event "Karpos Open 2016"]
[Site "Skopje, MKD"]
[Date "2016.04.05"]
[Round "7"]
[Board "22"]
[White "Kanmazalp, Ogulcan"]
[Black "Nikolov, Sasho"]
[Result "1-0"]
[WhiteElo "2444"]
[BlackElo "2346"]
[PlyCount "79"]
[EventDate "2016.04.01"]
[EventRounds "9"]
[EventCountry "MKD"]

1. d4 Nf6 2. Bg5 e6 3. Nd2 Be7 4. e4 d6 5. Bd3 Nc6 6. c3 O-O 7. Ngf3 h6 8. Be3
Ng4 9. Bf4 e5 10. Bg3 exd4 11. cxd4 d5 12. e5 f5 13. exf6 Nxf6 14. O-O Nh5 15.
Re1 Bb4 16. Re3 Nxg3 17. hxg3 Qf6 18. a3 Ba5 19. Nb3 Bb6 20. Qd2 a5 21. a4 Nb4
22. Bb1 Be6 23. Ne5 Rae8 24. Bg6 Rd8 25. Rae1 Rd6 26. Bb1 Nc6 27. Nc5 Nxd4 28.
Qxd4 Qxf2+ 29. Kh2 Bf5 30. R1e2 Qf1 31. Re1 Qf2 32. Ned3 Qd2 33. R1e2 Qd1 34.
Bc2 Qf1 35. Re1 Bxd3 36. Rxf1 Bxf1 37. Re7 Rdf6 38. Qxd5+ Kh8 39. Qe4 g6 40.
Qh4 1-0

[Event "Karpos Open 2016"]
[Site "Skopje, MKD"]
[Date "2016.04.05"]
[Round "7"]
[Board "23"]
[White "Supancic, Darko"]
[Black "Yilmazyerli, Mert"]
[Result "1-0"]
[WhiteElo "2313"]
[BlackElo "2444"]
[PlyCount "110"]
[EventDate "2016.04.01"]
[EventRounds "9"]
[EventCountry "MKD"]

1. Nf3 g6 2. d4 Bg7 3. g3 d6 4. Bg2 Nd7 5. O-O e5 6. e4 exd4 7. Nxd4 Ne7 8. Nc3
O-O 9. Be3 Nb6 10. Qd3 d5 11. exd5 Nexd5 12. Nxd5 Nxd5 13. Rad1 Nxe3 14. Qxe3
Qf6 15. c3 Bg4 16. f3 Rfe8 17. Qf2 Bd7 18. f4 Qb6 19. Rfe1 Bg4 20. Rxe8+ Rxe8
21. Rd2 c6 22. h3 Bc8 23. Kh2 Bf6 24. h4 Bg4 25. Bh3 Bxd4 26. Qxd4 Qxd4 27.
cxd4 Bxh3 28. Kxh3 f5 29. Kg2 Kf7 30. Kf3 Re1 31. h5 Ra1 32. hxg6+ hxg6 33. a3
Rb1 34. Rh2 Ke6 35. Rh6 Rxb2 36. Rxg6+ Kd5 37. Rf6 Rb3+ 38. Kg2 Ke4 39. Rf7 a5
40. Re7+ Kxd4 41. Rf7 c5 42. Rxf5 c4 43. Rf7 c3 44. Rd7+ Ke4 45. Re7+ Kd3 46.
Rd7+ Kc2 47. f5 Rb6 48. g4 Kb2 49. Kf3 c2 50. Rd2 Kc3 51. Rxc2+ Kxc2 52. g5 Kd3
53. g6 Rb1 54. g7 Rg1 55. f6 Kc3 1-0

[Event "Karpos Open 2016"]
[Site "Skopje, MKD"]
[Date "2016.04.05"]
[Round "7"]
[Board "24"]
[White "Percivaldi, Martin"]
[Black "Tosic, Miroslav"]
[Result "1-0"]
[WhiteElo "2306"]
[BlackElo "2418"]
[PlyCount "81"]
[EventDate "2016.04.01"]
[EventRounds "9"]
[EventCountry "MKD"]

1. d4 Nf6 2. c4 d6 3. Nf3 g6 4. g3 Bg7 5. Nc3 O-O 6. Bg2 Nc6 7. O-O Bg4 8. d5
Bxf3 9. exf3 Na5 10. Qe2 c5 11. Bd2 a6 12. Rfe1 Re8 13. f4 Rb8 14. b3 Qd7 15.
Rab1 b5 16. Ne4 b4 17. Ng5 Nb7 18. Bh3 Qc7 19. f5 Nd8 20. fxg6 hxg6 21. f4 Nd7
22. f5 Bd4+ 23. Kh1 Ne5 24. fxg6 fxg6 25. Qe4 e6 26. Bxe6+ Nxe6 27. Nxe6 Rxe6
28. dxe6 Qe7 29. Bf4 Qxe6 30. Bxe5 Bxe5 31. Rf1 Re8 32. Rbe1 a5 33. Rf3 Kg7 34.
Ref1 Bf6 35. Qb7+ Re7 36. Qa8 Re8 37. Qxa5 Bd4 38. Qa7+ Re7 39. Qa8 Qe4 40.
Qf8+ Kh7 41. Qxe7+ 1-0